| 000 | 00419nam a2200133Ia 4500 | ||
|---|---|---|---|
| 008 | 231129s1996||||xx |||||||||||||| ||spa|| | ||
| 020 | _a968-24-4113-7 | ||
| 040 | _bspa | ||
| 082 | _a362.76 P964 | ||
| 245 | 0 | _aPrograma de conducción de niños maltratados: Orientación para padres intolerantes / David Wolfe... /et al. | |
| 260 | _c1996 | ||
| 264 | _aTrillas | ||
| 942 |
_2ddc _cBKS |
||
| 999 |
_c23331 _d23331 |
||